Environmental economics : theory and applications /

Detalles Bibliográficos
Autor principal: Singh, Katar, 1939-
Otros Autores: Shishodia, Anil, 1962-
Formato: Libro
Lenguaje:English
Publicado: Thousand Oaks, CA ; New Delhi : SAGE Publications, c2007.
Materias:
Classic Catalogue: View this record in Classic Catalogue
LEADER 01357nam a2200325 a 4500
001 14995740
003 BD-DhAAL
005 20250708130324.0
008 091112s2007 ii a b 001 0 eng d
010 |a \\2007036650 
020 |a 9780761935971 (paper back) 
020 |a 9788178297606 (paper back) 
040 |a DLC  |c DLC  |d DLC  |d BD-DhAAL 
082 0 0 |a 333.7  |2 22 
100 1 |a Singh, Katar,  |d 1939- 
245 1 0 |a Environmental economics :  |b theory and applications /  |c Katar Singh, Anil Shishodia. 
260 |a Thousand Oaks, CA ;  |a New Delhi :  |b SAGE Publications,  |c c2007. 
300 |a 423 pages :  |b illustrations ;  |c 22 cm. 
504 |a Includes bibliographical references and index. 
526 |x BBS Requisitioned by Faculties of BBS Course name and no : N/A 
541 1 |a Karim International  |e 00019571 
650 0 |a Environmental economics. 
650 0 |a Environmental policy. 
650 0 |a Environmental management. 
650 0 |a Natural resources  |x Management. 
700 1 |a Shishodia, Anil,  |d 1962-  |9 58697 
852 4 |a Ayesha Abed Library  |j General shelf 
942 |2 ddc  |c BK 
999 |c 5486  |d 5486 
952 |0 0  |1 0  |2 ddc  |4 0  |6 333_700000000000000_SIN  |7 0  |9 5358  |a BRACUL  |b BRACUL  |c GEN  |d 2009-11-15  |e Karim International  |g 377.00  |l 0  |o 333.7 SIN  |p 3010019571  |r 2009-11-15  |t 1  |w 2009-11-15  |y BK  |x Requisitioned by Faculties of BBS. Course name and no. "not available".